000
00282nam a2200109Ia 4500
008
190907s9999||||xx |||||||||||||| ||und||
100
_a
Chao , Woyczynski
245
0
_a
Probability Theory And Harmonic Analysis
260
_a
USA
_b
Marcel Dekker,INC
_c
1986
300
_a
291
942
_c
BK
999
_c
6367
_d
6367